子供の成長と教育= Growth and education of children
Na minha lista:
| Formato: | Livro |
|---|---|
| Idioma: | Undetermined |
| Publicado em: |
Japan
Longman
1979
|
| Assuntos: | |
| Tags: |
Adicionar Tag
Sem tags, seja o primeiro a adicionar uma tag!
|
| Thư viện lưu trữ: | Trung tâm Học liệu Trường Đại học Cần Thơ |
|---|
| LEADER | 00498nam a2200169Ia 4500 | ||
|---|---|---|---|
| 001 | CTU_237299 | ||
| 008 | 210402s9999 xx 000 0 und d | ||
| 082 | |a 305.231 | ||
| 082 | |b G884/Vol.5-No.2 | ||
| 245 | 0 | |a 子供の成長と教育= | |
| 245 | 0 | |b Growth and education of children | |
| 260 | |a Japan | ||
| 260 | |b Longman | ||
| 260 | |c 1979 | ||
| 650 | |a Phát triển kỹ năng cho trẻ,Child development | ||
| 910 | |a Tuyến | ||
| 980 | |a Trung tâm Học liệu Trường Đại học Cần Thơ | ||